000 00593nam a2200145 a 4500
001 000046578
005 20250204123118.0
008 150827s1994 dr 000 0 spa d
040 _aDO-SdBNP
_bspa
_cBNPHU
245 0 0 _aEstructura ocupacional de los sectores :
_bturismo, zonas francas, y agroindustriales /.
260 _aSanto Domingo :
_bFUNDAPEC,
_c1994.
300 _a87 p. ;
_c33 cm.
500 _aPrograma de cooperación técnica para el fortalecimiento del sistema de enseñanza, técnico - vocacional en República Dominicana (BID-FUNDAPEC)
710 2 _aFUNDAPEC (Organización)
_974563
999 _c46067
_d46067